000 00288nam a2200109Ia 4500
008 220204s9999 xx 000 0 und d
082 _a547:541.1
_bSCH
100 _aSchwarz, J C P
245 0 _aPhysical methods in organic chemistry
260 _aLondon
_bOliver & Boyd
_c1964
942 _cBK
999 _c20552
_d20552